[Event "Oberliga Southwest 1996/97"]
[Site "Germany"]
[Round "0"]
[White "Shpilker Boris (RUS)"]
[Black "Muench Ingo (GER)"]
[Result "1-0"]
[WhiteElo "2345"]
[BlackElo "2205"]

1.Nf3 d5 2.g3 Nf6 3.Bg2 e6 4.O-O Be7 5.c4 dxc4 6.Na3 c6 7.Nxc4 b5 8.Nce5 Bb7
9.d4 O-O 10.Qc2 Qb6 11.a4 a6 12.Be3 Nd5 13.Bd2 c5 14.dxc5 Bxc5 15.Rac1 Bb4
16.Ng5 g6 17.e4 Bxd2 18.Qxd2 f6 19.a5 Rd8 20.exd5 Rxd5 21.Rc7 Ra7 22.Ngf7 Rd6
{#r} 1-0

[Event "It (open) "]
[Site "Pardubice (Czech Republic)"]
[Round "1"]
[White "Jurek Josef (CZE)"]
[Black "Koukolik Alexander (CZE)"]
[Result "1-0"]
[WhiteElo "2380"]
[BlackElo "2007"]

1.Nf3 Nf6 2.c4 e6 3.g3 d5 4.Bg2 Be7 5.O-O O-O 6.b3 c5 7.Bb2 Nc6 8.e3 b6 9.Nc3
Bb7 10.cxd5 Nxd5 11.Nxd5 exd5 12.d4 Rc8 13.dxc5 bxc5 14.Qd2 c4 15.Rfd1 Bb4
16.Bc3 Qa5 17.Rac1 Bxc3 18.Rxc3 Nb4 19.Rcc1 Qa3 20.Nd4 a6 21.Nf5 Nxa2 22.Qd4
f6 23.Bxd5+ Bxd5 24.Qxd5+ Kh8 25.Rxc4 Nc3 26.Qd7 Rg8 27.Rxc8 Nxd1 28.Qxg7# 1-0

[Event "Ch Russia (club) (1 liga)"]
[Site "Orel (Russia)"]
[Round "1"]
[White "Lunev Andrey (RUS)"]
[Black "Umgaev Alexander (RUS)"]
[Result "1-0"]
[WhiteElo "2400"]
[BlackElo "2205"]

1.c4 Nf6 2.Nf3 e6 3.g3 Be7 4.Bg2 d5 5.O-O O-O 6.Qc2 c5 7.d3 Nc6 8.a3 d4 9.e4
dxe3 10.fxe3 Qc7 11.Nc3 a6 12.Rb1 Rd8 13.Rd1 e5 14.Ng5 h6 15.Nge4 Nxe4 16.Bxe4
Be6 17.Nd5 Qd6 18.Rf1 a5 19.Bd2 Bf8 20.Bc3 f6 21.Qg2 Rab8 22.g4 a4 23.b4 Ne7
24.bxc5 Qxc5 25.Bb4 {#r} 1-0

[Event "It (open)"]
[Site "Arco (Italy)"]
[Round "3"]
[White "Miles Anthony J (ENG)"]
[Black "Sprotte Norbert (GER)"]
[Result "1-0"]
[WhiteElo "2595"]
[BlackElo "2206"]

1.c4 e6 2.Nf3 Nf6 3.g3 d5 4.Bg2 Be7 5.O-O O-O 6.b3 b6 7.Bb2 Bb7 8.e3 c5 9.Nc3
Nc6 10.cxd5 Nxd5 11.Nxd5 exd5 12.d4 Bf6 13.Qd2 Ba6 14.Rfd1 c4 15.Ne5 Qd6
16.bxc4 Bxc4 17.Nxc4 dxc4 18.Qc1 Rac8 19.Qxc4 {#r} 1-0

[Event "It"]
[Site "Rio de Janeiro (Brazil)"]
[Round "5"]
[White "Lima Darcy (BRA)"]
[Black "Guimaraes Wagner P (BRA)"]
[Result "1-0"]
[WhiteElo "2475"]
[BlackElo "2285"]

1.g3 Nf6 2.Bg2 d5 3.c4 e6 4.Nf3 Be7 5.O-O O-O 6.b3 c5 7.e3 Ne4 8.Bb2 Bf6 9.d4
Nc6 10.Ne5 Qc7 11.f4 Rd8 12.Qe2 Qb6 13.Bxe4 dxe4 14.dxc5 Qxc5 15.Nd2 Bxe5
16.Nxe4 Qxe3+ 17.Qxe3 Bxb2 18.Rad1 Bd4 19.Rxd4 Rxd4 20.b4 Rxc4 21.f5 exf5
22.Nd6 Be6 23.Nxc4 Bxc4 24.Rxf5 Be6 25.Rf4 Rd8 26.b5 Ne7 27.Qxa7 g5 28.Rd4
{#r} 1-0

[Event "It (open)"]
[Site "Benasque (Spain)"]
[Round "7"]
[White "Marin Mihail (ROM)"]
[Black "Vuksanovic Sanja (SRB)"]
[Result "1-0"]
[WhiteElo "2530"]
[BlackElo "2194"]

1.Nf3 e6 2.c4 Nf6 3.g3 d5 4.Bg2 Be7 5.O-O O-O 6.b3 c5 7.Bb2 Nc6 8.e3 b6 9.Nc3
dxc4 10.bxc4 Bb7 11.Qe2 Qd7 12.Rfd1 Rad8 13.d3 Rfe8 14.Rab1 Qc8 15.Ba1 h6
16.Ne1 Rd7 17.f4 Nb4 18.a3 Bxg2 19.Qxg2 Nc6 20.g4 Nh7 21.Ne4 f5 22.gxf5 exf5
23.Qxg7# 1-0

[Event "It (open)"]
[Site "Porto San Giorgio (Italy)"]
[Round "5"]
[White "Badea Bela (ROM)"]
[Black "Mola Pietro (ITA)"]
[Result "1-0"]
[WhiteElo "2525"]
[BlackElo "2266"]

1.Nf3 Nf6 2.g3 d5 3.Bg2 e6 4.O-O Be7 5.c4 c6 6.b3 O-O 7.Bb2 Nbd7 8.Qc2 b6 9.d3
Bb7 10.e4 Qb8 11.e5 Ne8 12.d4 dxc4 13.bxc4 c5 14.d5 exd5 15.cxd5 Bxd5 16.Ng5
Bxg5 17.Bxd5 Nc7 18.Bc6 g6 19.f4 Bh6 20.Nc3 Qe8 21.Bxa8 Qxa8 22.Rad1 Qc6
23.Qe4 {#r} 1-0

[Event "It (open) (active)"]
[Site "Pribram (Czech Republic)"]
[Round "2"]
[White "Gross Stefan (CZE)"]
[Black "Polak Tomas (CZE)"]
[Result "1-0"]
[WhiteElo "2355"]
[BlackElo "2470"]

1.Nf3 Nf6 2.c4 e6 3.g3 d5 4.Bg2 Be7 5.O-O O-O 6.b3 b6 7.Bb2 Bb7 8.d3 c5 9.e3
Nc6 10.Qe2 Qc7 11.Nc3 Rad8 12.Rfd1 Qb8 13.cxd5 exd5 14.d4 Rfe8 15.Na4 Ne4
16.dxc5 bxc5 17.Nd2 Nxd2 18.Rxd2 d4 19.Rc1 dxe3 20.Rxd8 Qxd8 {#r} 1-0

[Event "Ch Russia (1/2 final)"]
[Site "Perm (Russia)"]
[Round "3"]
[White "Khakimov Fidel (RUS)"]
[Black "Fakhretdinov Robert (RUS)"]
[Result "0-1"]
[WhiteElo "2193"]
[BlackElo "2405"]

1.Nf3 d5 2.c4 e6 3.g3 Nf6 4.Bg2 Be7 5.O-O O-O 6.b3 c5 7.Bb2 Nc6 8.d3 d4 9.e4
e5 10.Nh4 g6 11.Nd2 Bd7 12.Qe2 Qc7 13.Rae1 Rae8 14.Bc1 Kh8 15.Ndf3 Ng8 16.Ng5
f6 17.Nh3 Qc8 18.Nf4 exf4 19.gxf4 f5 20.Nf3 fxe4 21.dxe4 Bg4 22.e5 Nh6 23.Qb2
Bh3 24.Bxh3 Qxh3 25.Qe2 Ng4 26.Qd3 {#R} 0-1

[Event "Ch Slovakia (team) 1998/99 (2 liga) (a)"]
[Site "Slovakia"]
[Round "3"]
[White "Miklas Marian (SVK)"]
[Black "Strieborny Martin (SVK)"]
[Result "1-0"]
[WhiteElo "2116"]
[BlackElo "2030"]

1.c4 Nf6 2.g3 e6 3.Bg2 d5 4.Nf3 Be7 5.O-O O-O 6.b3 c5 7.e3 Nc6 8.Bb2 d4 9.exd4
cxd4 10.Re1 Bc5 11.d3 Re8 12.Na3 e5 13.Nc2 Bf5 14.b4 Nxb4 15.Nxb4 Bxb4 16.Rxe5
Rxe5 17.Nxe5 Qd6 18.Qb3 Re8 19.Nxf7 Qc5 20.Nd6 Re2 21.Nxf5 Qxf5 22.Bxd4 Be1
23.f4 g5 24.Qxb7 gxf4 25.Bd5+ Kh8 26.Qc8+ {#r} 1-0

[Event "Memorial Karl Wagner (open)"]
[Site "Graz (Austria)"]
[Round "5"]
[White "Wegerer Fred (AUT)"]
[Black "Szith Gregor (AUT)"]
[Result "1-0"]
[WhiteElo "2215"]
[BlackElo "2055"]

1.c4 Nf6 2.g3 e6 3.Bg2 d5 4.Nf3 Be7 5.O-O O-O 6.Qc2 d4 7.a3 c5 8.Ne5 Qc7 9.f4
Nbd7 10.Nd3 Rb8 11.e4 e5 12.a4 Nh5 13.f5 g6 14.Bf3 Ng7 15.g4 gxf5 16.gxf5 Bh4
17.Nf2 Nf6 18.Ng4 Qe7 19.Nh6+ Kh8 20.d3 Ng8 21.Kh1 Nxh6 22.Bxh6 Rg8 23.Rg1 Qf6
24.Qd2 Bd7 25.Na3 Ne6 26.Nb5 a6 27.Nd6 Nc7 28.Nxb7 {#r} 1-0

[Event "Ch Poland (team) (2nd liga)"]
[Site "Wisla (Poland)"]
[Round "0"]
[White "Kopacz Grzegorz (POL)"]
[Black "Janota Henryk (POL)"]
[Result "1-0"]
[WhiteElo "2145"]
[BlackElo "2258"]

1.c4 e6 2.Nf3 d5 3.g3 Nf6 4.Bg2 Be7 5.O-O O-O 6.b3 c5 7.d3 b6 8.Bb2 Bb7 9.e3
Nc6 10.Qe2 Qc7 11.Nc3 Rad8 12.Rfd1 a6 13.Rac1 d4 14.exd4 cxd4 15.Nb5 axb5
16.cxb5 Qd7 17.bxc6 Bxc6 {#r} 1-0

[Event "Tournament"]
[Site "Tampere (Finland)"]
[Round "2"]
[White "Koskinen Henri (FIN)"]
[Black "Sorsa Nuutti (FIN)"]
[Result "0-1"]
[WhiteElo "2285"]
[BlackElo "2230"]

1.c4 e6 2.g3 Nf6 3.Bg2 d5 4.Nf3 Be7 5.O-O O-O 6.b3 b6 7.Bb2 Bb7 8.Qc2 c5
9.cxd5 Nxd5 10.a3 Nc6 11.d4 cxd4 12.Nxd4 Rc8 13.Nxc6 Rxc6 14.Qd2 Qc7 15.e4 Rc2
16.Qd4 Bf6 17.e5 Bg5 18.Be4 Ne3 19.Bxc2 Qxc2 20.Qc3 Qe2 21.Nd2 Nd5 22.Qc4 Nf4
23.h4 Qg4 24.Ne4 Bxe4 {#R} 0-1

[Event "It (cat.12)"]
[Site "Recklinghausen (Germany)"]
[Round "8"]
[White "Henrich Thomas (GER)"]
[Black "Siegel Georg (GER)"]
[Result "0-1"]
[WhiteElo "2192"]
[BlackElo "2495"]

1.Nf3 Nf6 2.g3 d5 3.Bg2 e6 4.O-O Be7 5.c4 O-O 6.b3 b6 7.Bb2 Bb7 8.e3 dxc4
9.bxc4 c5 10.Nc3 Nc6 11.Qe2 a6 12.Rfd1 Qc7 13.Rab1 Rab8 14.Ba1 Rfd8 15.d3 Na7
16.Nd2 Bxg2 17.Kxg2 Qd7 18.Nde4 b5 19.Kg1 Nxe4 20.Nxe4 f5 21.Qb2 Bf8 22.Ng5 h6
23.Nf3 bxc4 24.Qxb8 Rxb8 25.Rxb8 Nc6 26.Ne5 Nxe5 27.Bxe5 cxd3 28.Bc3 Qd6
29.Rb7 c4 {#R} 0-1

[Event "It "]
[Site "Philadelphia (USA)"]
[Round "1"]
[White "Greanias Steve (USA)"]
[Black "Ziatdinov Raset (USA)"]
[Result "0-1"]
[WhiteElo "2235"]
[BlackElo "2525"]

1.c4 e6 2.Nf3 d5 3.g3 Nf6 4.Bg2 Be7 5.O-O O-O 6.b3 a5 7.cxd5 exd5 8.Bb2 a4
9.bxa4 Nbd7 10.Nc3 Nb6 11.d4 Bd7 12.Ne5 Bxa4 13.Nxa4 Rxa4 14.Qc2 c6 15.Rfb1
Qc7 16.Bc3 Rfa8 17.Qb3 R8a6 18.e4 Ra3 19.Qc2 dxe4 20.Be1 Nbd5 21.Rb2 e3
22.Bxd5 Nxd5 23.Rab1 Ra7 24.Qf5 Bf8 25.fxe3 Nxe3 26.Qd7 Qxd7 27.Nxd7 Rxa2
28.Rxb7 Rg2+ 29.Kh1 Raa2 {#R} 0-1

[Event "It (open)"]
[Site "Schwabisch Gmund (Germany)"]
[Round "2"]
[White "Burgemeister Wolfgang (GER)"]
[Black "Klovans Janis (LAT)"]
[Result "0-1"]
[WhiteElo "2129"]
[BlackElo "2465"]

1.Nf3 d5 2.g3 Nf6 3.Bg2 e6 4.O-O Be7 5.c4 dxc4 6.Na3 Bxa3 7.bxa3 O-O 8.Qc2 Nc6
9.Bb2 Re8 10.Qxc4 e5 11.d3 Be6 12.Qc3 Bg4 13.Rfe1 Qd7 14.Rad1 Rad8 15.Ng5 Nd4
16.Kf1 h6 17.Ne4 Nd5 18.Qd2 b6 19.Rc1 c5 20.Nc3 Bh3 21.Kg1 Bxg2 22.Kxg2 Nxc3
23.Qxc3 Qd5+ 24.e4 Qxa2 25.Re3 Qe6 26.Rf1 Qb3 27.Qxb3 Nxb3 28.f4 Nd4 29.fxe5
Rxe5 30.Rf2 Re7 {#R} 0-1

[Event "Ch Spain (team)"]
[Site "Salamanca (Spain)"]
[Round "2"]
[White "Narciso Dublan Marc (ESP)"]
[Black "Medina-Garcia Antonio (ESP)"]
[Result "0-1"]
[WhiteElo "2460"]
[BlackElo "2370"]

1.c4 e6 2.Nf3 Nf6 3.g3 d5 4.Bg2 Be7 5.O-O O-O 6.b3 b6 7.Bb2 Bb7 8.e3 c5 9.Qe2
Nc6 10.d3 Qc7 11.Nbd2 Rad8 12.a3 a5 13.Rfc1 Rfe8 14.cxd5 Nxd5 15.d4 Qb8
16.dxc5 Bxc5 17.Nc4 e5 18.Rd1 f6 19.Ng5 Nce7 20.Ne6 Rc8 21.Qg4 g6 22.e4 f5
23.Qg5 fxe4 24.Bxe5 Qa7 25.Nxc5 Rxc5 26.Bd4 Rc6 27.Bxe4 Re6 28.Bg2 Nf5 29.Be3
{#R} 0-1

[Event "Ch World (juniors) (under 18)"]
[Site "Marina d'Or (Spain)"]
[Round "4"]
[White "Burstein Roman (LTU)"]
[Black "Senff Martin (GER)"]
[Result "1-0"]
[WhiteElo "2295"]
[BlackElo "2395"]

1.c4 e6 2.g3 d5 3.Nf3 Nf6 4.Bg2 Be7 5.O-O O-O 6.b3 c5 7.e3 Nc6 8.Qe2 e5 9.d3
e4 10.dxe4 dxe4 11.Ng5 Bg4 12.Qb2 Bd6 13.Bd2 Ne5 14.Nxe4 Be2 15.Ba5 Qxa5
16.Nxf6+ gxf6 17.Qxe2 Rad8 18.Nd2 f5 19.Nf3 Ng6 20.Qc2 Ne7 21.Nh4 Be5 22.Rad1
{#r} 1-0

[Event "Ch Great Britain"]
[Site "Scarborough (England)"]
[Round "3"]
[White "Walker David (ENG)"]
[Black "Cooper Andrew (HKG)"]
[Result "1-0"]
[WhiteElo "2280"]
[BlackElo "2151"]

1.Nf3 Nf6 2.c4 e6 3.g3 d5 4.Bg2 Be7 5.O-O O-O 6.b3 c5 7.Bb2 Nc6 8.e3 Qc7 9.Nc3
Rd8 10.cxd5 exd5 11.d4 cxd4 12.Nb5 Qb6 13.Nbxd4 Bg4 14.Rc1 Ne4 15.Nxc6 bxc6
16.h3 Bh5 17.g4 Bg6 18.Qd4 Qxd4 19.Nxd4 c5 20.Nc6 Rd7 21.Nxe7+ Rxe7 22.Rfd1
Rae8 23.Rxd5 h6 24.f3 Ng5 25.h4 Ne6 26.f4 Bh7 27.f5 Nf8 28.e4 Nd7 29.Rcd1 Ne5
30.Bxe5 {#r} 1-0

[Event "Ch Scotland"]
[Site "Edinburgh (Scotland)"]
[Round "1"]
[White "Norris Alan J (SCO)"]
[Black "Rutherford Elaine (SCO)"]
[Result "1-0"]
[WhiteElo "2337"]
[BlackElo "2091"]

1.c4 e6 2.g3 Nf6 3.Bg2 d5 4.Nf3 Be7 5.O-O O-O 6.Qc2 c6 7.b3 Nbd7 8.Bb2 Re8
9.d3 Nf8 10.e4 Ng6 11.Nbd2 dxe4 12.dxe4 c5 13.e5 Nd7 14.h4 h5 15.Ne4 Qc7
16.Qc3 Bf8 17.Rad1 Rd8 18.Neg5 Nb8 19.Rxd8 Qxd8 20.Nxf7 Kxf7 21.Ng5+ Ke7
22.Qf3 Qe8 23.Qd3 Nxe5 24.Bxe5 Qd7 25.Qf3 Qe8 26.Rd1 Nd7 27.Bd6+ Kd8 28.Nf7+
{#r} 1-0

[Event "Cup Yugoslavia (team)"]
[Site "Herceg Novi (Montenegro)"]
[Round "0"]
[White "Kosic Dragan (MNE)"]
[Black "Gavric Miladin (BIH)"]
[Result "1-0"]
[WhiteElo "2523"]
[BlackElo "2364"]

1.Nf3 d5 2.g3 Nf6 3.Bg2 e6 4.O-O Be7 5.c4 O-O 6.b3 a5 7.Nc3 c6 8.d4 Nbd7 9.Qc2
b6 10.Rd1 Bb7 11.e4 a4 12.Rb1 axb3 13.axb3 dxe4 14.Ng5 Ra7 15.Ngxe4 Nxe4
16.Nxe4 Qa8 17.c5 Ra2 18.Qc3 Qa7 19.b4 Nf6 20.Nxf6+ Bxf6 21.Bf4 Rc8 22.Be5 Be7
23.Ra1 Qa4 24.Rdc1 f6 25.Bh3 f5 26.Bxf5 {#r} 1-0

[Event "Ch Norway (team)"]
[Site "Norway"]
[Round "2"]
[White "Lauvsnes Arild (NOR)"]
[Black "Johnsen Kjell Magne (NOR)"]
[Result "1-0"]
[WhiteElo "2272"]
[BlackElo "2066"]

1.c4 e6 2.g3 Nf6 3.Bg2 d5 4.Nf3 Be7 5.O-O O-O 6.b3 Nbd7 7.Bb2 c6 8.Nc3 b6
9.Rc1 Bb7 10.d4 Rc8 11.e3 Bd6 12.Qe2 Qe7 13.e4 Nxe4 14.Nxe4 dxe4 15.Qxe4 Nf6
16.Qh4 Ba3 17.Bxa3 Qxa3 18.Ne5 Rfd8 19.Rcd1 Qb2 20.Rd3 Rd6 21.Rfd1 Rcd8 22.c5
bxc5 23.Nc4 Qxa2 24.Nxd6 Rxd6 25.Qf4 e5 26.Qxe5 Re6 27.Qb8+ Re8 28.Qxb7 {#r}
1-0

[Event "It (open)"]
[Site "Goch (Germany)"]
[Round "1"]
[White "Hidding Markus (GER)"]
[Black "Hammes Michael (GER)"]
[Result "0-1"]
[WhiteElo "2140"]
[BlackElo "2360"]

1.Nf3 d5 2.c4 e6 3.g3 Nf6 4.Bg2 Be7 5.O-O O-O 6.d3 b6 7.b3 Bb7 8.Nbd2 c5 9.e3
dxc4 10.Nxc4 Nc6 11.Qe2 b5 12.Nce5 Nxe5 13.Nxe5 Bxg2 14.Kxg2 Qd5+ 15.Nf3 Rfd8
16.Rd1 c4 17.bxc4 bxc4 18.d4 Ne4 19.Bd2 Rab8 20.Rdb1 f5 21.Qe1 g5 22.Bb4 Rxb4
23.Rxb4 g4 24.Ra4 Ng5 25.e4 gxf3+ 26.Kh1 Nxe4 27.Rxa7 Qxd4 28.Rxe7 Nxf2+
29.Kg1 Nd3+ {#R} 0-1

[Event "It (cat.8) (b)"]
[Site "Santa Clara (Cuba)"]
[Round "9"]
[White "Asanov Bolat (KAZ)"]
[Black "Alzate Dario (COL)"]
[Result "0-1"]
[WhiteElo "2476"]
[BlackElo "2403"]

1.Nf3 d5 2.c4 e6 3.g3 Nf6 4.Bg2 Be7 5.O-O c5 6.cxd5 Nxd5 7.d4 Nc6 8.dxc5 Bxc5
9.a3 O-O 10.Qc2 Be7 11.Rd1 Bd7 12.e4 Nb6 13.Bf4 Rc8 14.Nc3 Qe8 15.h4 Na5 16.b3
f6 17.e5 Bc6 18.Qb2 Bxf3 {#R} 0-1

[Event "It (open)"]
[Site "Bastia (France)"]
[Round "0"]
[White "Dizdarevic Emir (CRO)"]
[Black "Bramme Emmanuelle (FRA)"]
[Result "1-0"]
[WhiteElo "2527"]
[BlackElo "2065"]

1.Nf3 d5 2.g3 Nf6 3.Bg2 e6 4.O-O Be7 5.c4 O-O 6.b3 c5 7.Bb2 Nc6 8.cxd5 exd5
9.d4 Bf5 10.Nc3 Rc8 11.dxc5 Bxc5 12.Rc1 Be7 13.Nd4 Nxd4 14.Qxd4 Bc5 15.Qf4 Be6
16.Rfd1 Ng4 {#r} 1-0

[Event "It (active)"]
[Site "Lima (Peru)"]
[Round "8"]
[White "Cruz Filemon (PER)"]
[Black "Torres Jean Pierre (PER)"]
[Result "1-0"]
[WhiteElo "2355"]
[BlackElo "2178"]

1.c4 Nf6 2.Nf3 d5 3.g3 e6 4.Bg2 Be7 5.O-O O-O 6.Qc2 c5 7.d3 b6 8.e4 Bb7 9.Nc3
d4 10.Ne2 Nc6 11.Nd2 a6 12.f4 Re8 13.h3 Bf8 14.g4 Nd7 15.Nf3 b5 16.b3 a5 17.h4
a4 18.Rb1 Ne7 19.g5 Ra6 20.Bh3 Bc8 21.h5 g6 22.Ng3 {#r} 1-0

[Event "It (c)"]
[Site "Budapest (Hungary)"]
[Round "5"]
[White "Lehtinen Heikki (FIN)"]
[Black "Galindo Ricardo (ARG)"]
[Result "1-0"]
[WhiteElo "2329"]
[BlackElo "2275"]

1.c4 e6 2.g3 d5 3.Bg2 Nf6 4.Nf3 Be7 5.O-O O-O 6.Qc2 Nbd7 7.b3 c6 8.Bb2 a5
9.Nc3 Re8 10.d4 Bd6 11.Rad1 Qe7 12.e4 dxe4 13.Ng5 Bc7 14.Rfe1 b6 15.d5 exd5
16.cxd5 Nc5 17.Ncxe4 Nfxe4 18.Nxe4 Bf5 19.Qc3 Be5 20.Qxe5 Qxe5 21.Bxe5 Bxe4
22.Bxe4 Nxe4 23.Rxe4 f6 24.dxc6 fxe5 25.Rd7 Rac8 26.c7 h5 27.f4 {#r} 1-0

[Event "Memorial Elekes (b)"]
[Site "Budapest (Hungary)"]
[Round "1"]
[White "Lorincz Istvan (HUN)"]
[Black "Zivanic Marko (SRB)"]
[Result "1-0"]
[WhiteElo "2383"]
[BlackElo "2300"]

1.Nf3 d5 2.g3 Nf6 3.Bg2 e6 4.O-O Be7 5.c4 O-O 6.b3 c5 7.Bb2 Nc6 8.e3 b6 9.Nc3
Ba6 10.d3 Rc8 11.Qe2 Qc7 12.Nb5 Qb8 13.Rad1 Rfd8 14.h4 Nd7 15.Ng5 Nf6 16.f4 h6
17.Nh3 e5 18.fxe5 Nxe5 19.Nxa7 Qxa7 20.Bxe5 dxc4 21.dxc4 Bb7 22.Bxf6 Bxf6
23.Nf4 Be5 24.a4 Qb8 25.Qg4 Re8 26.Rd7 Bxg2 27.Kxg2 Rc6 28.Qh5 Rf8 29.Nd5 Qe8
30.Re7 {#r} 1-0

[Event "Ch Norway (team) 1999/00"]
[Site "Norway"]
[Round "4"]
[White "Tjomsland Stig (NOR)"]
[Black "Ulvin Dag (NOR)"]
[Result "0-1"]
[WhiteElo "2269"]
[BlackElo "2249"]

1.c4 e6 2.g3 d5 3.Bg2 Nf6 4.Nf3 Be7 5.O-O O-O 6.b3 c5 7.cxd5 Nxd5 8.Bb2 Nc6
9.Nc3 Bf6 10.Qc1 Nxc3 11.dxc3 Qc7 12.Ng5 b6 13.Be4 g6 14.b4 Bb7 15.bxc5 Qe5
16.f4 Qxc5+ 17.Kg2 Rfd8 18.Bf3 Na5 19.Bxb7 Nxb7 20.c4 Bxb2 21.Qxb2 h6 22.Nf3
Nd6 23.Qe5 Qc6 24.c5 Nc4 25.Qc3 Qxc5 26.Kh3 Rac8 27.Rad1 Rxd1 28.Rxd1 Ne3
29.Qxc5 Rxc5 30.Ne5 Nxd1 {#R} 0-1

[Event "Memorial J.Capablanca (d) (cat.3)"]
[Site "Varadero (Cuba)"]
[Round "7"]
[White "Hernandez Tania (CUB)"]
[Black "Pazos Gambarrotti Plinio (ECU)"]
[Result "0-1"]
[WhiteElo "2231"]
[BlackElo "2363"]

1.Nf3 Nf6 2.c4 e6 3.g3 d5 4.Bg2 Be7 5.O-O O-O 6.b3 a5 7.Nc3 c6 8.d4 Nbd7 9.Qc2
Re8 10.Rd1 b6 11.e4 dxe4 12.Ne5 Bb7 13.Nxe4 Qc7 14.Bb2 Rad8 15.f4 c5 16.d5
exd5 17.Ng5 d4 18.Nexf7 Bxg2 19.Qxg2 Rc8 20.Re1 Bf8 21.Qh3 h6 22.Ne6 Qc6
23.Nfg5 hxg5 24.fxg5 Ne4 25.g6 Ndf6 26.Nf4 Ng5 {#R} 0-1

[Event "It (open)"]
[Site "Etang Sale (France)"]
[Round "1"]
[White "Kosten Anthony C (FRA)"]
[Black "Renaud Olivier (FRA)"]
[Result "1-0"]
[WhiteElo "2524"]
[BlackElo "2115"]

1.c4 e6 2.Nf3 Nf6 3.g3 d5 4.Bg2 Be7 5.O-O O-O 6.b3 b6 7.Bb2 Bb7 8.e3 c6 9.Nc3
Nbd7 10.Qe2 Rc8 11.Rfd1 Qc7 12.Rac1 Qb8 13.d4 c5 14.cxd5 Nxd5 15.Nxd5 Bxd5
16.e4 Bb7 17.d5 exd5 18.exd5 Rfe8 19.Qb5 Bf6 20.Qxd7 Bxb2 21.Ng5 Rc7 22.Qf5 g6
23.Qh3 h5 24.d6 Bxg2 25.dxc7 {#r} 1-0

[Event "Ch Switzerland (team) 2000"]
[Site "Switzerland"]
[Round "0"]
[White "Preiss Martin (GER)"]
[Black "Sutter Oliver (SUI)"]
[Result "0-1"]
[WhiteElo "2245"]
[BlackElo "2330"]

1.c4 e6 2.Nf3 d5 3.g3 Nf6 4.Bg2 Be7 5.O-O O-O 6.b3 c5 7.Bb2 Nc6 8.e3 b6 9.Nc3
Bb7 10.cxd5 exd5 11.d4 Ba6 12.Re1 c4 13.Ne5 Na5 14.e4 dxe4 15.Nxe4 Rc8 16.Bc3
cxb3 17.Nxf6+ Bxf6 18.Bxa5 bxa5 19.axb3 Re8 20.Nc6 Qb6 21.Qd2 Bb5 22.Ne5 Rcd8
23.Qxa5 Rxd4 24.Qxb6 axb6 25.Nc4 Rxc4 26.Bf1 Bxa1 27.Rxa1 Rb4 {#R} 0-1

[Event "Ch France (team) 2000"]
[Site "France"]
[Round "10"]
[White "Hauchard Arnaud (FRA)"]
[Black "Doornbos Yann (FRA)"]
[Result "1-0"]
[WhiteElo "2539"]
[BlackElo "2356"]

1.c4 e6 2.Nf3 d5 3.g3 Nf6 4.Bg2 Be7 5.O-O O-O 6.b3 c5 7.e3 Nc6 8.Qe2 a6 9.Bb2
b5 10.d3 Bb7 11.Nbd2 Ra7 12.Rfd1 Qa8 13.cxd5 Nxd5 14.Rac1 Rc8 15.Ne4 Nb8
16.Nfg5 h6 17.Nxe6 fxe6 18.Qg4 Bf6 19.Bxf6 {#r} 1-0

[Event "Ch Poland (team) (juniors) (under 20) (2 div)"]
[Site "Krynica (Poland)"]
[Round "4"]
[White "Panocki Adrian (POL)"]
[Black "Sanetra Szymon (POL)"]
[Result "1-0"]
[WhiteElo "2356"]
[BlackElo "2018"]

1.g3 d5 2.Bg2 Nf6 3.c4 e6 4.Nf3 Be7 5.O-O O-O 6.d3 c5 7.cxd5 exd5 8.Nc3 d4
9.Nb1 Nc6 10.Nbd2 Re8 11.Nc4 Bf8 12.a4 Bf5 13.h3 Qd7 14.Kh2 Qe7 15.Re1 Nb4
16.Bd2 Nfd5 17.Bxb4 Nxb4 18.Qd2 Qd7 19.Nfe5 Qc7 20.Nf3 Re6 {#r} 1-0

[Event "It (open) "]
[Site "Jyvaskyla (Finland)"]
[Round "8"]
[White "Lehtinen Heikki (FIN)"]
[Black "Johansson Jukka (FIN)"]
[Result "1-0"]
[WhiteElo "2338"]
[BlackElo "2108"]

1.c4 Nf6 2.g3 e6 3.Bg2 d5 4.Nf3 Be7 5.O-O O-O 6.Qc2 c6 7.b3 a5 8.Nc3 b6 9.Bb2
Ba6 10.d3 Nbd7 11.e4 dxc4 12.dxc4 e5 13.Nd1 Qc7 14.Ne3 g6 15.Rad1 Rfe8 16.a3
Rad8 17.Rd2 h5 18.Rfd1 Nh7 19.Qc3 f6 20.Nh4 Nhf8 21.b4 Kh7 22.Qb3 axb4 23.c5
Kg7 24.Nef5+ {#r} 1-0

[Event "Cup European Club (final)"]
[Site "Panormo (Greece)"]
[Round "5"]
[White "Jouhki Yrjo Markus (FIN)"]
[Black "Bykhovsky Avigdor (RUS)"]
[Result "0-1"]
[WhiteElo "2274"]
[BlackElo "2445"]

1.Nf3 d5 2.c4 e6 3.g3 Nf6 4.Bg2 Be7 5.O-O O-O 6.b3 c5 7.Bb2 Nc6 8.e3 b6 9.Nc3
Ba6 10.d3 Qd7 11.cxd5 exd5 12.Re1 Rad8 13.d4 Ne4 14.Rc1 f5 15.a3 Rfe8 16.Ne2
Bf6 17.Nf4 g6 18.Qc2 c4 19.bxc4 Bxc4 20.Nd2 b5 21.Nxc4 bxc4 22.f3 Ng5 23.Bc3
Nf7 24.Qa4 Ne7 25.Qa5 Bg5 26.Nh3 Nc6 {#R} 0-1

[Event "Ch Finland (team) 2001/02"]
[Site "Finland"]
[Round "4"]
[White "Hentunen Asko (FIN)"]
[Black "Pihlajasalo Antti (FIN)"]
[Result "0-1"]
[WhiteElo "2344"]
[BlackElo "2416"]

1.c4 e6 2.g3 d5 3.Bg2 Nf6 4.Nf3 Be7 5.O-O O-O 6.b3 a5 7.Nc3 c6 8.d4 b6 9.Ne5
Nfd7 10.f4 Ba6 11.cxd5 cxd5 12.f5 Nxe5 13.dxe5 Qc7 14.Bb2 Qxe5 15.fxe6 fxe6
16.Qd2 Bc5+ 17.Kh1 Nc6 18.Nxd5 Qxe2 19.Qxe2 Bxe2 20.Rfe1 Bf3 21.Bxf3 Rxf3
22.Rxe6 Rf2 23.Rxc6 Rxb2 24.Rf1 Rd8 25.Rc7 h6 26.Rf5 Re8 27.Rcf7 Re1+ 28.Rf1
Ree2 {#R} 0-1

[Event "It (open)"]
[Site "Dortmund (Germany)"]
[Round "6"]
[White "Mainka Gregor (GER)"]
[Black "Schlawin Marlon (GER)"]
[Result "1-0"]
[WhiteElo "2329"]
[BlackElo "2181"]

1.Nf3 Nf6 2.g3 d5 3.Bg2 e6 4.O-O Be7 5.c4 O-O 6.b3 b6 7.Bb2 Nbd7 8.d3 Bb7
9.Nbd2 c5 10.Qc2 Qc7 11.Rfe1 Bd6 12.cxd5 exd5 13.e4 Ne5 14.Rac1 Rfe8 15.Nxe5
Rxe5 16.Bxe5 Bxe5 17.Nf3 Re8 18.d4 {#r} 1-0

[Event "Ch World (juniors) (under 16)"]
[Site "Oropesa (Spain)"]
[Round "9"]
[White "Grecescu Gabriel-Andrei (ROM)"]
[Black "Palo Davor (DEN)"]
[Result "0-1"]
[WhiteElo "2243"]
[BlackElo "2327"]

1.c4 Nf6 2.g3 e6 3.Bg2 d5 4.Nf3 Be7 5.O-O O-O 6.b3 c5 7.cxd5 Nxd5 8.Bb2 Nc6
9.Nc3 Bf6 10.Qc1 Nxc3 11.Bxc3 e5 12.d3 Bg4 13.h3 Be6 14.Qb2 Nd4 15.Bxd4 exd4
16.Rac1 Rc8 17.Qa3 b6 18.Nd2 Qd7 19.Kh2 Bg5 20.Rc2 h5 21.h4 Be7 {#R} 0-1

[Event "It (open)"]
[Site "Arco (Italy)"]
[Round "1"]
[White "Murey Jacob (ISR)"]
[Black "Diotallevi Maurizio (ITA)"]
[Result "1-0"]
[WhiteElo "2475"]
[BlackElo "2107"]

1.c4 e6 2.g3 Nf6 3.Bg2 d5 4.Nf3 Be7 5.O-O O-O 6.d3 Nbd7 7.Nc3 c6 8.cxd5 cxd5
9.Bf4 Nh5 10.Bd2 f5 11.e4 Nhf6 12.exf5 exf5 13.Nd4 Nb6 14.a4 a5 15.Ncb5 Ra6
16.Rc1 Na8 17.Re1 Re8 18.Qf3 Qd7 19.Bg5 Rd8 20.Re5 Rc6 21.Nxc6 bxc6 22.Nd4 Qd6
23.Rxe7 {#r} 1-0